[Event "CYCC U16"]
[Site "Windsor CAN"]
[Date "2016.07.06"]
[Round "2.11"]
[White "Colvin, Andrew"]
[Black "Zhao, Harry"]
[Result "1/2-1/2"]
[WhiteElo "1740"]
[BlackElo "2174"]
[PlyCount "80"]
[EventDate "2016.07.05"]
[EventType "swiss"]
[EventRounds "7"]
[EventCountry "CAN"]

1. b3 Nf6 2. Bb2 e6 3. Nf3 b6 4. e3 c5 5. d4 Bb7 6. Bd3 Be7 7. O-O O-O 8. Nbd2
d6 9. c4 Nbd7 10. Qe2 cxd4 11. Nxd4 Nc5 12. Bc2 d5 13. Rfd1 Rc8 14. Rac1 Qd6
15. Bb1 Rfd8 16. cxd5 Nxd5 17. Nc4 Qb8 18. Qg4 Nf6 19. Qg3 Qa8 20. f3 Ne8 21.
Ne2 Rxd1+ 22. Rxd1 Rd8 23. Qe1 Bh4 24. Rxd8 Qxd8 25. Qd2 Qxd2 26. Nxd2 Ba6 27.
Ng3 Nf6 28. Nde4 Ncxe4 29. Nxe4 Nd5 30. Bd4 Be1 31. a3 f6 32. b4 Kf8 33. Ba2
Ke7 34. Bxd5 exd5 35. Bc3 Bxc3 36. Nxc3 Bc4 37. Kf2 Kd6 38. Ne2 g6 39. Nd4 f5
40. f4 a5 1/2-1/2

[Event "CYCC U16"]
[Site "Windsor CAN"]
[Date "2016.07.06"]
[Round "2.12"]
[White "Petersen, Caleb"]
[Black "Li, Kevin"]
[Result "1-0"]
[WhiteElo "2113"]
[BlackElo "1657"]
[PlyCount "101"]
[EventDate "2016.07.05"]
[EventType "swiss"]
[EventRounds "7"]
[EventCountry "CAN"]

1. e4 e6 2. d4 d5 3. Nc3 Nf6 4. exd5 exd5 5. Bd3 Bd6 6. Nf3 O-O 7. O-O Bg4 8.
Bg5 c6 9. h3 Bh5 10. g4 Bg6 11. Ne5 Qc7 12. Re1 Bxd3 13. Nxd3 Nbd7 14. Qf3 h6
15. Bh4 g5 16. Bg3 Bxg3 17. Qxg3 Qxg3+ 18. fxg3 Rfe8 19. Kg2 Kg7 20. Kf3 Rxe1
21. Rxe1 Re8 22. Rxe8 Nxe8 23. Nd1 Nd6 24. Ne3 Kf6 25. b3 Ke6 26. h4 a5 27. c4
b6 28. Nb2 Nf6 29. Na4 Nd7 30. Kg2 b5 31. Nb2 bxc4 32. bxc4 Nxc4 33. Nbxc4 dxc4
34. Nxc4 a4 35. Ne3 Nf6 36. Kf3 gxh4 37. gxh4 h5 38. gxh5 Nxh5 39. Kg4 Ng7 40.
Kg5 f5 41. Kg6 f4 42. Ng2 Kd5 43. Nxf4+ Kxd4 44. Kxg7 c5 45. h5 c4 46. h6 c3
47. h7 Ke4 48. h8=Q Kxf4 49. Qh2+ Ke3 50. Qc2 Kd4 51. Qxa4+ 1-0

[Event "CYCC U16"]
[Site "Windsor CAN"]
[Date "2016.07.06"]
[Round "2.13"]
[White "Huang, Danny"]
[Black "Fellah, Mohamed Amine"]
[Result "0-1"]
[WhiteElo "905"]
[BlackElo "2021"]
[PlyCount "46"]
[EventDate "2016.07.05"]
[EventType "swiss"]
[EventRounds "7"]
[EventCountry "CAN"]

1. e4 c5 2. Nf3 a6 3. d4 cxd4 4. Nxd4 Nf6 5. Nc3 e5 6. Nf3 Bb4 7. Bd2 O-O 8.
Bc4 d6 9. a3 Bxc3 10. Bxc3 Nxe4 11. O-O Nxc3 12. bxc3 Bg4 13. Re1 Qc7 14. Qd3
Bxf3 15. gxf3 Nc6 16. Rad1 Rad8 17. Bb3 Ne7 18. c4 Ng6 19. c3 Qd7 20. Bc2 f6
21. Bb1 Qh3 22. Kh1 Nf4 23. Qd2 Qg2# 0-1

[Event "CYCC U16"]
[Site "Windsor CAN"]
[Date "2016.07.06"]
[Round "2.14"]
[White "Fan, Run Kun"]
[Black "Gillan, Rahma"]
[Result "1-0"]
[WhiteElo "1862"]
[BlackElo "1494"]
[PlyCount "115"]
[EventDate "2016.07.05"]
[EventType "swiss"]
[EventRounds "7"]
[EventCountry "CAN"]

1. c4 c5 2. Nc3 Nc6 3. g3 d6 4. Bg2 Bd7 5. Nf3 Nf6 6. b3 e6 7. Bb2 Be7 8. O-O
O-O 9. e3 Rb8 10. d4 cxd4 11. exd4 d5 12. cxd5 exd5 13. Ne5 Be6 14. Rc1 Rc8 15.
Re1 Qb6 16. Na4 Qd8 17. Nxc6 Rxc6 18. Rxc6 bxc6 19. Qc1 Bd7 20. Ba3 Re8 21.
Bxe7 Rxe7 22. Nc5 Bc8 23. Nd3 Rxe1+ 24. Qxe1 Qd7 25. Ne5 Qe6 26. Qa5 g6 27.
Qxa7 Kg7 28. Qc7 Bd7 29. a4 Qf5 30. Nxd7 Qxd7 31. Qxd7 Nxd7 32. a5 Kf8 33. Bh3
Ke7 34. Bxd7 Kxd7 35. b4 f5 36. Kf1 g5 37. Ke1 Kc7 38. h4 h6 39. hxg5 hxg5 40.
g4 f4 41. Kd2 Kb7 42. Kc2 Ka6 43. Kb2 Kb7 44. Ka3 Ka7 45. Ka4 Ka6 46. f3 Kb7
47. b5 c5 48. dxc5 Kc7 49. Kb3 d4 50. Kc4 Kb7 51. Kxd4 Kc7 52. a6 Kb8 53. b6
Ka8 54. a7 Kb7 55. c6+ Ka8 56. c7 Kb7 57. a8=Q+ Kxa8 58. c8=Q# 1-0

[Event "CYCC U16"]
[Site "Windsor CAN"]
[Date "2016.07.06"]
[Round "2.15"]
[White "Li, James"]
[Black "Gauthamkrishna, Anil"]
[Result "1-0"]
[WhiteElo "1612"]
[BlackElo "1252"]
[PlyCount "45"]
[EventDate "2016.07.05"]
[EventType "swiss"]
[EventRounds "7"]
[EventCountry "CAN"]

1. e4 e5 2. Nf3 Nc6 3. Bc4 Nf6 4. O-O Bc5 5. d4 exd4 6. e5 Ne4 7. Re1 d5 8.
exd6 Bf5 9. Nbd2 Qxd6 10. Nxe4 Bxe4 11. Rxe4+ Ne7 12. Bg5 f6 13. Bf4 Qc6 14.
Qe2 Bd6 15. Bb5 Qxb5 16. Qxb5+ c6 17. Qxb7 Rd8 18. Bxd6 Kf7 19. Rxe7+ Kg6 20.
Rxg7+ Kf5 21. Rg5+ fxg5 22. Qf7+ Ke4 23. Re1# 1-0

[Event "CYCC U16"]
[Site "Windsor CAN"]
[Date "2016.07.06"]
[Round "2.16"]
[White "Kilroy, Evan"]
[Black "McGovern, Michael"]
[Result "1-0"]
[WhiteElo "1430"]
[BlackElo "1129"]
[PlyCount "48"]
[EventDate "2016.07.05"]
[EventType "swiss"]
[EventRounds "7"]
[EventCountry "CAN"]

1. e4 c5 2. Nf3 e6 3. d4 cxd4 4. Nxd4 Nc6 5. Be2 Nf6 6. Nxc6 bxc6 7. Qd3 Qc7 8.
Nc3 Be7 9. f4 d6 10. O-O O-O 11. f5 a6 12. Bg5 Qb6+ 13. Kh1 Qxb2 14. Rab1 Qa3
15. Rb3 Qa5 16. Bxf6 Bxf6 17. Bg4 d5 18. Qg3 d4 19. Ne2 Qxa2 20. e5 Bg5 21.
Nxd4 c5 22. Bf3 Ra7 23. Qxg5 cxd4 24. f6 g6 1-0

[Event "CYCC U16"]
[Site "Windsor CAN"]
[Date "2016.07.06"]
[Round "2.17"]
[White "Ladhani, Qalib"]
[Black "Robertson, Kole"]
[Result "0-1"]
[WhiteElo "1302"]
[BlackElo "1325"]
[PlyCount "72"]
[EventDate "2016.07.05"]
[EventType "swiss"]
[EventRounds "7"]
[EventCountry "CAN"]

1. e4 d6 2. d4 Nf6 3. Nc3 g6 4. Bc4 Bg7 5. Nf3 c6 6. a3 b5 7. Bb3 O-O 8. O-O
Nbd7 9. d5 c5 10. Re1 c4 11. Ba2 Ba6 12. Rb1 Nb6 13. b3 Nfd7 14. Bb2 Nc5 15. a4
b4 16. Nb5 c3 17. Bc1 Bxb5 18. axb5 a6 19. bxa6 Rxa6 20. Ra1 Qa8 21. Be3 Rxa2
22. Rxa2 Qxa2 23. Bxc5 dxc5 24. Qe2 Ra8 25. e5 Nxd5 26. e6 f5 27. Qc4 Rd8 28.
Ng5 Qxc2 29. Nf7 Qd2 30. Kf1 Bd4 31. Re2 Nf4 32. Rxd2 cxd2 33. Qc2 Ra8 34. Qxd2
Ra1+ 35. Qe1 Rxe1+ 36. Kxe1 Nxe6 0-1

[Event "CYCC U16"]
[Site "Windsor CAN"]
[Date "2016.07.06"]
[Round "3.9"]
[White "Song, Sam"]
[Black "Fan, Run Kun"]
[Result "0-1"]
[WhiteElo "2334"]
[BlackElo "2030"]
[PlyCount "80"]
[EventDate "2016.07.05"]
[EventType "swiss"]
[EventRounds "7"]
[EventCountry "CAN"]

1. e4 e5 2. Nf3 Nc6 3. Bb5 Nf6 4. d3 d6 5. c3 Be7 6. O-O O-O 7. Re1 a6 8. Ba4
b5 9. Bb3 Bb7 10. Nbd2 Na5 11. Bc2 c5 12. Nf1 Re8 13. Ng3 Bf8 14. h3 g6 15. d4
cxd4 16. cxd4 Bg7 17. d5 Rc8 18. Bd3 Nc4 19. b3 Nb6 20. a4 b4 21. a5 Nbxd5 22.
exd5 Nxd5 23. Bd2 Nc3 24. Bxc3 bxc3 25. Qc2 d5 26. Red1 Qc7 27. Bf1 Rf8 28. b4
Kh8 29. b5 axb5 30. Bxb5 f5 31. a6 Ba8 32. Rab1 d4 33. Ne2 Be4 34. Bd3 Bxd3 35.
Rxd3 e4 36. Rdd1 d3 37. Rxd3 exd3 38. Qxd3 c2 39. Rf1 Rfd8 40. Qb3 Qc4 0-1

[Event "CYCC U16"]
[Site "Windsor CAN"]
[Date "2016.07.06"]
[Round "3.10"]
[White "Zhu, Jeffrey"]
[Black "Petersen, Caleb"]
[Result "0-1"]
[WhiteElo "1929"]
[BlackElo "2113"]
[PlyCount "110"]
[EventDate "2016.07.05"]
[EventType "swiss"]
[EventRounds "7"]
[EventCountry "CAN"]

1. Nf3 Nf6 2. b3 e6 3. Bb2 Be7 4. d4 b6 5. g3 Bb7 6. Bg2 O-O 7. O-O c5 8. c4
cxd4 9. Nxd4 Bxg2 10. Kxg2 Qc8 11. f3 d5 12. Nd2 Rd8 13. Qc2 Nc6 14. Rac1 dxc4
15. Nxc6 Qxc6 16. Qxc4 Qb7 17. Bxf6 Bxf6 18. Ne4 Bb2 19. Rcd1 Be5 20. Qb5 Rd5
21. Rxd5 Qxd5 22. Qd3 Qxd3 23. exd3 Rc8 24. Rf2 Kf8 25. f4 Bd4 26. Rd2 Ke7 27.
g4 Be3 28. Re2 Bxf4 29. Kf3 Bd6 30. h4 Rc1 31. h5 Rh1 32. Ke3 Rh2 33. Rxh2 Bxh2
34. d4 h6 35. Nd2 e5 36. Nf3 exd4+ 37. Kxd4 Bg3 38. Kd5 Kd7 39. b4 a6 40. a4 g6
41. b5 axb5 42. axb5 Bf4 43. Ke4 Bg3 44. Kd5 gxh5 45. gxh5 Ke7 46. Kc6 Bf2 47.
Kd5 f6 48. Nh2 f5 49. Nf3 Kf6 50. Ne5 Kg5 51. Nd3 Be3 52. Ke5 f4 53. Ke4 Kxh5
54. Kf3 Kg5 55. Ne5 Kf5 0-1

[Event "CYCC U16"]
[Site "Windsor CAN"]
[Date "2016.07.06"]
[Round "3.11"]
[White "Fellah, Mohamed Amine"]
[Black "Colvin, Andrew"]
[Result "1-0"]
[WhiteElo "2021"]
[BlackElo "1740"]
[PlyCount "107"]
[EventDate "2016.07.05"]
[EventType "swiss"]
[EventRounds "7"]
[EventCountry "CAN"]

1. e4 e5 2. Nf3 Nc6 3. Bb5 a6 4. Ba4 Nf6 5. O-O Be7 6. Re1 b5 7. Bb3 d6 8. c3
O-O 9. h3 Na5 10. Bc2 c5 11. d4 Qc7 12. Nbd2 cxd4 13. cxd4 Nc6 14. d5 Nb4 15.
Bb1 a5 16. a3 Na6 17. Nf1 Bd7 18. Bd2 a4 19. Bc2 Rfc8 20. Rc1 Qb7 21. N3h2 Bd8
22. Ng4 Nxg4 23. hxg4 Bb6 24. Be3 Nc5 25. Ng3 Ba5 26. Rf1 Bd8 27. Nf5 Bxf5 28.
exf5 b4 29. g5 b3 30. Bb1 Nd7 31. Rxc8 Rxc8 32. Qg4 f6 33. g6 h6 34. Qxa4 Ra8
35. Qc6 Qxc6 36. dxc6 Nb6 37. Rc1 Bc7 38. Bxb6 Bxb6 39. Be4 Kf8 40. Rc3 Bc7 41.
Rxb3 Rb8 42. Rxb8+ Bxb8 43. b4 Ke7 44. a4 Ba7 45. Bd5 Kd8 46. Kf1 Bd4 47. f3
Bc3 48. b5 Ba5 49. Ke2 Kc7 50. Kd3 Kd8 51. Kc4 Kc7 52. Be6 Kd8 53. Kd5 Ke7 54.
c7 1-0

[Event "CYCC U16"]
[Site "Windsor CAN"]
[Date "2016.07.06"]
[Round "3.12"]
[White "Zhao, Harry"]
[Black "Lei, Sean"]
[Result "1/2-1/2"]
[WhiteElo "2219"]
[BlackElo "2180"]
[PlyCount "31"]
[EventDate "2016.07.05"]
[EventType "swiss"]
[EventRounds "7"]
[EventCountry "CAN"]

1. d4 Nf6 2. Nf3 d5 3. e3 e6 4. Bd3 Be7 5. Nbd2 c5 6. b3 Nc6 7. a3 a5 8. Bb2
Rb8 9. Qe2 Qb6 10. O-O c4 11. bxc4 Qxb2 12. Rab1 Qxa3 13. c5 a4 14. Rb5 Na7 15.
Nb1 Qa2 16. Nc3 1/2-1/2

[Event "CYCC U16"]
[Site "Windsor CAN"]
[Date "2016.07.06"]
[Round "3.13"]
[White "Kilroy, Evan"]
[Black "D'Amore, Tyler"]
[Result "1/2-1/2"]
[WhiteElo "1430"]
[BlackElo "1988"]
[PlyCount "47"]
[EventDate "2016.07.05"]
[EventType "swiss"]
[EventRounds "7"]
[EventCountry "CAN"]

1. e4 c6 2. d4 d5 3. e5 Bf5 4. Bd3 Bxd3 5. Qxd3 e6 6. Bd2 Nd7 7. Nc3 Ne7 8.
O-O-O c5 9. f4 c4 10. Qf3 Nc6 11. Nge2 g6 12. g4 Qa5 13. Kb1 Qa6 14. f5 Be7 15.
fxe6 fxe6 16. Bh6 Bf8 17. Nxd5 exd5 18. e6 O-O-O 19. exd7+ Kxd7 20. Bg5 Ne7 21.
Bxe7 Bxe7 22. Qxd5+ Kc8 23. Qf7 Rde8 24. Nc3 1/2-1/2

[Event "CYCC U16"]
[Site "Windsor CAN"]
[Date "2016.07.06"]
[Round "3.14"]
[White "Li, Kevin"]
[Black "Huang, Danny"]
[Result "1-0"]
[WhiteElo "1657"]
[BlackElo "905"]
[PlyCount "95"]
[EventDate "2016.07.05"]
[EventType "swiss"]
[EventRounds "7"]
[EventCountry "CAN"]

1. e4 e5 2. Nf3 Nc6 3. Bc4 Nf6 4. d3 Bc5 5. c3 d6 6. a4 h6 7. b4 Nxb4 8. cxb4
Bxb4+ 9. Bd2 Bc5 10. h3 a6 11. O-O h5 12. Qb3 Ng4 13. hxg4 hxg4 14. Ng5 g3 15.
Nf3 Bg4 16. Bg5 f6 17. Be3 Bxe3 18. fxe3 f5 19. Bf7+ Kf8 20. Qe6 Bxf3 21. Qe8+
Qxe8 22. Bxe8 Rxe8 23. Rxf3 Re6 24. exf5 Reh6 25. Rxg3 Rh1+ 26. Kf2 R8h4 27.
Rh3 R1xh3 28. gxh3 Rxh3 29. Nc3 Kf7 30. Rb1 b6 31. Nd5 Rh5 32. e4 c6 33. Nxb6
d5 34. Rc1 Rh2+ 35. Kf3 Rh3+ 36. Kf2 Rh4 37. Ke3 d4+ 38. Kd2 g6 39. fxg6+ Kxg6
40. Rxc6+ Kg5 41. Nd5 Rh6 42. Rxh6 Kxh6 43. Nb4 a5 44. Nc6 Kg6 45. Nxa5 Kf7 46.
Nc4 Ke7 47. Nxe5 Kd8 48. Nf3 1-0

[Event "CYCC U16"]
[Site "Windsor CAN"]
[Date "2016.07.06"]
[Round "3.17"]
[White "McGovern, Michael"]
[Black "Ladhani, Qalib"]
[Result "0-1"]
[WhiteElo "1129"]
[BlackElo "1302"]
[PlyCount "140"]
[EventDate "2016.07.05"]
[EventType "swiss"]
[EventRounds "7"]
[EventCountry "CAN"]

1. e4 e6 2. d4 d5 3. e5 c5 4. c3 Qb6 5. Nf3 Nc6 6. b3 cxd4 7. cxd4 Bb4+ 8. Bd2
Nxd4 9. Nxd4 Qxd4 10. Bxb4 Qxb4+ 11. Nd2 Bd7 12. Be2 Ne7 13. O-O Ng6 14. Nf3
Qf4 15. g3 Qf5 16. Nd4 Qxe5 17. Re1 Qd6 18. Rc1 a6 19. f4 O-O 20. Bg4 e5 21.
Bxd7 exf4 22. Qg4 fxg3 23. hxg3 Ne5 24. Nf5 Qb6+ 25. Qd4 Qxd4+ 26. Nxd4 Nxd7
27. Rc7 Nf6 28. Rxb7 Rfb8 29. Ree7 Rxb7 30. Rxb7 g6 31. a4 Kf8 32. b4 Ke8 33.
b5 axb5 34. axb5 Ne4 35. Nc6 Nxg3 36. Re7+ Kf8 37. b6 Ra6 38. b7 Rb6 39. Rc7
Kg7 40. b8=Q Rxb8 41. Nxb8 Nf5 42. Nc6 Kf6 43. Rd7 Ke6 44. Rd8 h5 45. Kg2 f6
46. Kh3 g5 47. Rh8 g4+ 48. Kg2 h4 49. Nb4 h3+ 50. Kh2 Ke5 51. Rg8 Ne3 52. Nd3+
Ke4 53. Nf2+ Kf3 54. Nxh3 gxh3 55. Kxh3 f5 56. Rd8 f4 57. Rd7 Kf2 58. Ra7 f3
59. Ra2+ Ke1 60. Kg3 f2 61. Rxf2 d4 62. Rf4 d3 63. Kf3 Nc2 64. Rf8 Nd4+ 65. Ke4
d2 66. Rh8 Nf3 67. Rh1+ Ke2 68. Ra1 Ne1 69. Kd4 Nc2+ 70. Kc3 Nxa1 0-1

[Event "CYCC U16"]
[Site "Windsor CAN"]
[Date "????.??.??"]
[Round "4.9"]
[White "Petersen, Caleb"]
[Black "Song, Sam"]
[Result "1/2-1/2"]
[WhiteElo "2334"]
[BlackElo "2113"]
[PlyCount "100"]
[EventDate "2016.07.05"]
[EventType "swiss"]
[EventRounds "7"]
[EventCountry "CAN"]

1. e4 c5 2. d4 cxd4 3. c3 d3 4. Bxd3 d6 5. h3 e6 6. Nf3 Nf6 7. c4 Nbd7 8. Nc3
a6 9. O-O Qc7 10. Be3 b6 11. Rc1 Bb7 12. b4 Be7 13. Nd4 O-O 14. f4 Rfc8 15. Qb3
h5 16. Rfd1 Bf8 17. f5 Re8 18. fxe6 fxe6 19. c5 d5 20. c6 Bxc6 21. Nxc6 Qxc6
22. Nxd5 Qb7 23. Nc7 Kh8 24. Nxa8 Qxa8 25. b5 Nc5 26. Bxc5 Bxc5+ 27. Kh1 axb5
28. e5 Ne4 29. Bxe4 Qxe4 30. Qxb5 Rf8 31. Re1 Qg6 32. Rf1 Ra8 33. Qe2 Ra3 34.
Rf3 Ra4 35. Rc4 Ra8 36. Kh2 Rd8 37. Qe4 Qg5 38. h4 Qd2 39. Qg6 Qe1 40. Qxh5+
Kg8 41. Qf7+ Kh8 42. Rf1 Qxe5+ 43. Qf4 Qe2 44. Re4 Qxa2 45. Qg4 Rd2 46. Qh5+
Kg8 47. Rg4 Qa7 48. Qe8+ Kh7 49. Qxe6 Qd7 50. Qxd7 Rxd7 1/2-1/2

[Event "CYCC U16"]
[Site "Windsor CAN"]
[Date "????.??.??"]
[Round "4.10"]
[White "Fan, Run Kun"]
[Black "Fellah, Mohamed Amine"]
[Result "1/2-1/2"]
[WhiteElo "2030"]
[BlackElo "2021"]
[PlyCount "64"]
[EventDate "2016.07.05"]
[EventType "swiss"]
[EventRounds "7"]
[EventCountry "CAN"]

1. c4 Nf6 2. Nc3 e6 3. Nf3 d5 4. e3 c6 5. d4 Nbd7 6. Qc2 Bd6 7. g4 h6 8. Rg1 e5
9. cxd5 Nxd5 10. Bc4 Nxc3 11. bxc3 Qe7 12. g5 e4 13. gxh6 gxh6 14. Nd2 Nb6 15.
Be2 Bf5 16. c4 Bxh2 17. Rg2 Bc7 18. Bb2 Nd7 19. Bg4 Bxg4 20. Rxg4 f5 21. Rg2
O-O-O 22. Qa4 Rhg8 23. Rxg8 Rxg8 24. O-O-O Kb8 25. Ba3 Qg5 26. d5 Nb6 27. Qb3
cxd5 28. c5 Nc8 29. c6 b6 30. Qb5 Qf6 31. Bb2 Qd6 32. Nb3 Rg6 1/2-1/2

[Event "CYCC U16"]
[Site "Windsor CAN"]
[Date "2016.07.07"]
[Round "4.11"]
[White "Zhu, Jeffrey"]
[Black "Zhao, Harry"]
[Result "0-1"]
[WhiteElo "1929"]
[BlackElo "2219"]
[PlyCount "55"]
[EventDate "2016.07.05"]
[EventType "swiss"]
[EventRounds "7"]
[EventCountry "CAN"]

1. Nf3 Nf6 2. b3 e6 3. Bb2 c5 4. g3 Be7 5. c3 O-O 6. d4 b6 7. Nbd2 Bb7 8. Bg2
d5 9. O-O Nbd7 10. e3 b5 11. Ne5 Qc7 12. f4 Ne4 13. Nxe4 dxe4 14. Qg4 f5 15.
Qe2 Nxe5 16. fxe5 Bc6 17. c4 Rab8 18. Rfd1 Qb7 19. Rd2 cxd4 20. exd4 bxc4 21.
bxc4 Bg5 22. Rad1 Bxd2 23. Rxd2 Qa6 24. Bc3 Qa3 25. Qe3 Rb1+ 26. Bf1 Rc1 27. d5
Rxc3 28. Qd4 0-1

[Event "CYCC U16"]
[Site "Windsor CAN"]
[Date "2016.07.07"]
[Round "4.12"]
[White "D'Amore, Tyler"]
[Black "Li, Kevin"]
[Result "0-1"]
[WhiteElo "1988"]
[BlackElo "1657"]
[PlyCount "84"]
[EventDate "2016.07.05"]
[EventType "swiss"]
[EventRounds "7"]
[EventCountry "CAN"]

1. e4 e6 2. d3 d5 3. Nd2 Nf6 4. Ngf3 c5 5. g3 Nc6 6. Bg2 Be7 7. O-O O-O 8. Re1
b5 9. e5 Nd7 10. Nf1 c4 11. d4 a5 12. h4 Re8 13. N1h2 b4 14. Bh3 Nb6 15. g4 c3
16. a4 cxb2 17. Bxb2 Bxh4 18. Bc1 Be7 19. g5 Nc4 20. Ng4 Ra7 21. Kh1 f5 22.
gxf6 gxf6 23. Rg1 Kh8 24. Nh6 Rf8 25. Rg8+ Rxg8 26. Nf7+ Kg7 27. Nxd8 Bxd8 28.
Qd3 f5 29. Nd2 Ba6 30. Nxc4 Bxc4 31. Qe3 Kh8 32. f4 Rag7 33. Kh2 Bh4 34. Bb2
Rg3 35. Qd2 Rf3 36. Bxf5 Rf2+ 37. Qxf2 Bxf2 38. Bxe6 Re8 39. f5 Bxd4 40. Bxd4
Nxd4 41. Bxd5 Bxd5 42. Rd1 Rxe5 0-1

[Event "CYCC U16"]
[Site "Windsor CAN"]
[Date "2016.07.07"]
[Round "4.13"]
[White "Lei, Sean"]
[Black "Kilroy, Evan"]
[Result "1-0"]
[WhiteElo "2180"]
[BlackElo "1430"]
[PlyCount "51"]
[EventDate "2016.07.05"]
[EventType "swiss"]
[EventRounds "7"]
[EventCountry "CAN"]

1. e4 e5 2. Nf3 Nc6 3. d4 exd4 4. Bc4 Be7 5. c3 Nf6 6. e5 Ne4 7. cxd4 d5 8. Bb3
Bg4 9. a3 Bg5 10. Nc3 Ne7 11. h3 Bxc1 12. Rxc1 Bh5 13. Qd3 Nxc3 14. Rxc3 O-O
15. O-O f6 16. exf6 Rxf6 17. Ne5 Ng6 18. Bc2 Kf8 19. g4 Nxe5 20. dxe5 Rg6 21.
Qf5+ Kg8 22. Qxh5 Rh6 23. Qf5 Qh4 24. Rf3 g6 25. Qf7+ Kh8 26. e6 1-0

[Event "CYCC U16"]
[Site "Windsor CAN"]
[Date "2016.07.07"]
[Round "4.15"]
[White "Li, James"]
[Black "Ladhani, Qalib"]
[Result "1-0"]
[WhiteElo "1612"]
[BlackElo "1302"]
[PlyCount "61"]
[EventDate "2016.07.05"]
[EventType "swiss"]
[EventRounds "7"]
[EventCountry "CAN"]

1. c4 e6 2. Nf3 Nf6 3. g3 b6 4. Bg2 Bb7 5. O-O d5 6. b3 c5 7. e3 Be7 8. Bb2
Nbd7 9. Re1 Qc7 10. Nc3 a6 11. cxd5 exd5 12. d4 Rd8 13. Rc1 O-O 14. a3 b5 15.
dxc5 Nxc5 16. Nd4 Qb6 17. Nce2 Rfe8 18. Nf4 Bd6 19. Nh5 Nce4 20. Bxe4 Nxh5 21.
Bxh7+ Kxh7 22. Qxh5+ Kg8 23. Nf5 Bf8 24. Red1 Bc8 25. Rd4 Bxf5 26. Qxf5 Qd6 27.
Rh4 Qg6 28. Qh3 f6 29. Rc7 Re7 30. Rxe7 Bxe7 31. Qe6+ 1-0

[Event "CYCC U16"]
[Site "Windsor CAN"]
[Date "2016.07.07"]
[Round "4.17"]
[White "McGovern, Michael"]
[Black "Gillan, Rahma"]
[Result "1-0"]
[WhiteElo "1129"]
[BlackElo "1494"]
[PlyCount "125"]
[EventDate "2016.07.05"]
[EventType "swiss"]
[EventRounds "7"]
[EventCountry "CAN"]

1. e4 e5 2. Nf3 Nc6 3. Bb5 d6 4. d4 exd4 5. Nxd4 Bd7 6. Nxc6 Bxc6 7. Bxc6+ bxc6
8. Nc3 g6 9. b3 Bg7 10. Bb2 Nf6 11. Qf3 O-O 12. O-O Re8 13. Rfe1 Nd7 14. Na4
Ne5 15. Qc3 Qf6 16. Rf1 c5 17. f4 Nd7 18. Qxf6 Bxf6 19. Rae1 Re7 20. Bxf6 Nxf6
21. e5 Rae8 22. g3 dxe5 23. Nxc5 e4 24. Re2 Nd5 25. Na4 f5 26. Rfe1 Rd8 27. Rd1
Rd6 28. Red2 e3 29. Rd4 e2 30. Re1 Red7 31. Kf2 Kf7 32. Rxe2 Nf6 33. Rxd6 Rxd6
34. h3 Rd4 35. Nc3 a6 36. a4 Ne8 37. Ke3 Rd6 38. Rd2 Re6+ 39. Kd4 Nf6 40. Kc5
Re3 41. Rd3 Re6 42. b4 Ne4+ 43. Nxe4 Rxe4 44. c3 Ke7 45. Kc6 Rc4+ 46. Kb7 a5
47. bxa5 Rxa4 48. a6 Ra3 49. a7 Rb3+ 50. Kxc7 Ra3 51. Rd7+ Ke6 52. Kd8 Ra6 53.
c4 h6 54. c5 g5 55. c6 g4 56. h4 Ra3 57. c7 Rxa7 58. c8=Q Rxd7+ 59. Qxd7+ Kf6
60. Qe7+ Kg6 61. Ke8 h5 62. Kf8 Kh6 63. Qg7# 1-0

[Event "CYCC U16"]
[Site "Windsor CAN"]
[Date "2016.07.07"]
[Round "5.9"]
[White "Fellah, Mohamed Amine"]
[Black "Petersen, Caleb"]
[Result "0-1"]
[WhiteElo "2021"]
[BlackElo "2113"]
[PlyCount "72"]
[EventDate "2016.07.05"]
[EventType "swiss"]
[EventRounds "7"]
[EventCountry "CAN"]

1. e4 c5 2. Nf3 d6 3. d4 cxd4 4. Nxd4 Nf6 5. Nc3 a6 6. Be3 e6 7. f3 b5 8. Qd2
Nbd7 9. g4 h6 10. O-O-O b4 11. Nce2 Qc7 12. h4 d5 13. Bf4 Bd6 14. Bxd6 Qxd6 15.
exd5 Nxd5 16. f4 Bb7 17. Bg2 N7b6 18. Rhf1 Rc8 19. f5 e5 20. f6 gxf6 21. Nf5
Qc7 22. Bxd5 Bxd5 23. Kb1 a5 24. Neg3 Rd8 25. Nh5 Bxa2+ 26. Kxa2 Rxd2 27. Rxd2
Nd7 28. Rfd1 O-O 29. Rxd7 Qxc2 30. Nxf6+ Kh8 31. Rd8 Qc5 32. Rxf8+ Qxf8 33. Rd7
Qc8 34. Kb3 e4 35. Re7 h5 36. Rxf7 Qe6+ 0-1

[Event "CYCC U16"]
[Site "Windsor CAN"]
[Date "2016.07.07"]
[Round "5.10"]
[White "Li, Kevin"]
[Black "Fan, Run Kun"]
[Result "0-1"]
[WhiteElo "1657"]
[BlackElo "2030"]
[PlyCount "90"]
[EventDate "2016.07.05"]
[EventType "swiss"]
[EventRounds "7"]
[EventCountry "CAN"]

1. e4 Nf6 2. e5 Nd5 3. d4 d6 4. exd6 cxd6 5. Nf3 g6 6. Bc4 Nb6 7. Bd3 Bg7 8.
O-O Nc6 9. c3 O-O 10. Bg5 Qc7 11. Nbd2 e5 12. dxe5 dxe5 13. Bc2 h6 14. Be3 Be6
15. Bb3 Nd5 16. Bc5 Rfd8 17. Ba3 Nf4 18. Bxe6 Nxe6 19. Qc2 Ncd4 20. Nxd4 exd4
21. c4 d3 22. Qb3 Nd4 23. Qd1 Qf4 24. Kh1 Nc2 25. Rb1 b6 26. h3 h5 27. g3 Qf5
28. Qf3 Qxh3+ 29. Kg1 Nxa3 30. bxa3 Qg4 31. Qxg4 hxg4 32. Rbd1 Rac8 33. Rfe1
Bh6 34. Re4 f5 35. Re7 Bxd2 36. Rxd2 Rxc4 37. Kf1 Rc1+ 38. Re1 Rxe1+ 39. Kxe1
Kf7 40. f3 gxf3 41. Kf2 Rd5 42. Kxf3 Ke6 43. Ke3 Kd6 44. Kf4 Kc5 45. Kg5 Kc4
0-1

[Event "CYCC U16"]
[Site "Windsor CAN"]
[Date "2016.07.07"]
[Round "5.11"]
[White "Zhao, Harry"]
[Black "Li, James"]
[Result "1-0"]
[WhiteElo "2219"]
[BlackElo "1612"]
[PlyCount "49"]
[EventDate "2016.07.05"]
[EventType "swiss"]
[EventRounds "7"]
[EventCountry "CAN"]

1. d4 d5 2. Nf3 c6 3. e3 Bf5 4. b3 Nf6 5. Bb2 e6 6. Be2 Bd6 7. O-O Nbd7 8. Ne5
h5 9. h3 Qc7 10. Nxd7 Kxd7 11. c4 g5 12. Nc3 Rag8 13. cxd5 exd5 14. Bd3 Ne4 15.
Bxe4 dxe4 16. d5 g4 17. dxc6+ bxc6 18. h4 Ke8 19. Rc1 Bh2+ 20. Kh1 g3 21. Nd5
Qc8 22. Nf6+ Ke7 23. Qd4 Qb8 24. Ba3+ c5 25. Rxc5 1-0

[Event "CYCC U16"]
[Site "Windsor CAN"]
[Date "2016.07.07"]
[Round "5.12"]
[White "Song, Sam"]
[Black "Lei, Sean"]
[Result "1/2-1/2"]
[WhiteElo "2334"]
[BlackElo "2180"]
[PlyCount "49"]
[EventDate "2016.07.05"]
[EventType "swiss"]
[EventRounds "7"]
[EventCountry "CAN"]

1. e4 c5 2. Nf3 d6 3. d4 cxd4 4. Nxd4 Nf6 5. Nc3 a6 6. Be3 e6 7. Qf3 Qc7 8. g4
b5 9. g5 Nfd7 10. a3 Bb7 11. Qg3 Nb6 12. Rd1 N8d7 13. Bg2 Nc4 14. Bc1 Be7 15.
O-O Rc8 16. Nde2 Qb6 17. Kh1 a5 18. b3 Nxa3 19. Bxa3 b4 20. Bb2 bxc3 21. Nxc3
Nc5 22. Ba1 Qb4 23. Qe3 h6 24. gxh6 Rxh6 25. f3 1/2-1/2

[Event "CYCC U16"]
[Site "Windsor CAN"]
[Date "2016.07.07"]
[Round "5.14"]
[White "Kilroy, Evan"]
[Black "Zhu, Jeffrey"]
[Result "1-0"]
[WhiteElo "1430"]
[BlackElo "1929"]
[PlyCount "37"]
[EventDate "2016.07.05"]
[EventType "swiss"]
[EventRounds "7"]
[EventCountry "CAN"]

1. e4 e5 2. Nf3 Nc6 3. d4 exd4 4. Nxd4 Bc5 5. Nxc6 bxc6 6. Bc4 Qe7 7. O-O d6 8.
Nc3 Nf6 9. Bg5 h6 10. Bh4 g5 11. Bg3 h5 12. e5 Ng4 13. exd6 cxd6 14. Qf3 h4 15.
Qxc6+ Kd8 16. Bxd6 Bxd6 17. Rad1 Bd7 18. Qxa8+ Kc7 19. Nd5# 1-0